000 01182nam0a22002891 4500
001 rc\4490089
005 20230719134630.0
021 _aRU
_b[59-69288]
035 _a(NLR Aleph) 008607896
090 _a8745162
_c8745162
100 _a20130416d1959 |||y0rusy50 ca
101 0 _arus
102 _aRU
105 _aa z |||||
200 1 _aНекоторые вопросы дифференциальной геометрии в целом
_fПод ред. [и со вступ. статьей] Н.В. Ефимова
210 _aМосква
_cФизматгиз
_d1959
215 _a303 с.
_cчерт.
_d21
320 _aСписок работ С.Э. Кон-Фоссена: с. 18 (14 назв.)
606 _aДифференциальная геометрия
_2psbo
700 1 _aКон-Фоссен
_bС. Э.
_f1902-1936
_gСтефан Эммануилович
702 1 _aЕфимов
_bН. В.
_cд-р физ.-мат. наук, математик
_f1910-1982
_gНиколай Владимирович
_3RU\NLR\AUTH\7732850
_4080
_4340
801 0 _aRU
_bNLR
_gpsbo
801 1 _aRU
_bELAR
_2rusmarc
852 _aNLR
_j59-3/5755
942 _cBOOK
980 _aNB